000 00842nam a2200241 a 4500
001 000002416
005 20200929150208.0
008 090702s2004 dr 000 0 spa d
020 _a8489384517
040 _aDO-SdBNP
_bspa
_cBNPHU
082 _axxxx
_bM277v
100 1 _aManguel, Alberto,
_d1948-
_97661
245 1 0 _aVicios solitarios :
_blecturas, relecturas y otras cuestiones éticas /
_cAlberto Manguel ; traductor Eduardo Hojman.
260 _aMadrid :
_bFundación Gérman Sánchez Ruipérez,
_c2004.
300 _a151 p. ;
_c23 cm.
490 1 _aEl árbol de la memoria
500 _aIncluye índice.
500 _aIncluye datos biográficos del autor en la solapa.
650 4 _aLectura.
_9408
650 4 _aCrítica e interpretacíon
_97662
700 1 _aHojman, Eduardo,
_etr.
_97663
830 0 _aEl árbol de la memoria
_97660
999 _c2252
_d2252